[Event "Cairo Egyptian op"]
[Site "Cairo"]
[Date "2016.04.25"]
[Round "5"]
[White "Fekri, Wael"]
[Black "Abdallah, Wesam"]
[Result "1-0"]
[WhiteElo "2057"]
[BlackElo "1855"]
[PlyCount "69"]
[EventDate "2016.04.22"]
[EventType "swiss"]
[EventRounds "9"]
[EventCountry "EGY"]
[SourceTitle "CBM 172 Extra"]
[Source "ChessBase"]
[SourceDate "2016.06.21"]
[SourceVersion "1"]
[SourceVersionDate "2016.06.21"]
[SourceQuality "1"]

1. a3 e6 2. d4 d5 3. g4 Nf6 4. h3 c5 5. b4 cxb4 6. Bg2 Nc6 7. Nf3 Qc7 8. 0-0 Bd6 9. axb4 Nxb4 10. c3 Nc6 11. Na3 Qe7 12. Nb5 Bd7 13. Nd2 h5 14. g5 Nh7 15. f4 f5 16. c4 a6 17. cxd5 exd5 18. Bxd5 Qe3+ 19. Kg2 Qe7 20. Nc4 Bb8 21. Ba3 Nb4 22. Qd2 Bxb5 23. Bxb4 Qc7 24. Qe3+ Kd8 25. Ba5 Re8 26. Ne5 b6 27. Rac1 Qa7 28. Bb4 Bxe5 29. dxe5 Rc8 30. Qd4 Bd7 31. e6 Nf8 32. Qxg7 Rxe6 33. Qxf8+ Be8 34. Rxc8+ Kxc8 35. Bxe6+ 1-0